Los retablos dorados de Nueva España (Registro nro. 12075)
[ vista simple ]
| 000 -Sello discográfico | |
|---|---|
| campo de control de longitud fija | 00869nam a2200289 4500 |
| 005 - Identificación de versión | |
| campo de control | 20251016084706.0 |
| 035 ## - Otros números de control del sistema | |
| Número de control del sistema | 106 |
| 099 ## - fechas locales | |
| Tipo de ítem Koha | LIBRO |
| 100 ## - Datos de procesamiento general | |
| Datos de procesamiento general | 19930801d1950 m y1spay5003 ba |
| 105 ## - Campo de datos codificados: Material textual, monográfico | |
| Datos codificados de monografía | a 001zy |
| 200 1# - Título y mención de responsabilidad | |
| Título propio | Los retablos dorados de Nueva España |
| Designación general del material | texto impreso |
| Primer mención de responsabilidad | Francisco de la Maza |
| 210 ## - Publicación, distribución, etc. | |
| Lugar de publicación, distribución, etc. | México |
| Nombre del editor, distribuidor, etc. | Ediciones Mexicanas |
| Fecha de publicación, distribución, etc. | 1950 |
| 215 ## - Descripción física | |
| Designación de material específico y extensión del ítem | 43 p |
| Otras características físicas | il. |
| Dimensiones | 23 cm |
| 345 ## - Nota de información de adquisición | |
| Fuente de adquisición/dirección de la suscripción [OBSOLETO] | Donación |
| 410 #1 - Series | |
| Título | Enciclopedia Mexicana de Arte |
| Número de volumen | 9 |
| 606 ## - Término temático usado como materia | |
| Elemento de entrada | Escultura mexicana |
| Número Koha | 8249 |
| 606 ## - Término temático usado como materia | |
| Elemento de entrada | Retablos |
| Subdivisión geográfica | México |
| Número Koha | 12516 |
| 660 ## - Código de área geográfica | |
| Código | MX |
| 700 ## - Nombre personal - Responsabilidad primaria | |
| Elemento de entrada | Maza y de la Cuadra |
| Parte del nombre distinta del elemento de entrada | Francisco de la |
| Fechas | 1913-1972 |
| Número Koha | 2526 |
| 801 #0 - Fuente de origen | |
| Agencia | cm |
| 900 ## - | |
| -- | 1/8742 |
| 900 ## - | |
| -- | 710934402\\010893 |
| 942 ## - ELEMENTOS DE ENTRADA SECUNDARIOS (KOHA) | |
| Tipo de ítem Koha | Libro |
| 996 ## - | |
| -- | MEX |
| -- | 751145101 |
| -- | MMAG |
| -- | 003952 |
| -- | 080 E56M V.9 |
| -- | 20200204LIV |
| Estatus retirado | Estado de daño | Estado de pérdida | Fecha de adquisición | Biblioteca de origen | Biblioteca actual | Ubicación en estantería | Código de barras | Precio de reemplazo | Signatura topográfica completa | No para préstamo | Tipo de ítem Koha | Nota pública | Nota no pública |
|---|---|---|---|---|---|---|---|---|---|---|---|---|---|
| 05/08/2025 | Casa México Paris | Casa México Paris | 003952 | 05/08/2025 | 080 E56M V.9 | Libro | 20200204LIV | 751145101 |